Statistics for Rhymes With Skunk

Click here to take the quiz!

General Stats

  • This quiz has been taken 206 times
    (115 since last reset)
  • The average score is 17 of 19

Answer Stats

HintAnswer% Correct
BBunk
98%
DDunk
98%
PPunk
98%
HHunk
97%
FFunk
96%
JJunk
95%
GGunk
91%
SSunk
91%
TTrunk
91%
FFlunk
90%
DDrunk
89%
MMonk
89%
PPlunk
88%
CClunk
87%
CChunk
86%
SStunk
86%
SSlunk
82%
SSpunk
77%
SShrunk
70%

Score Distribution

Percentile by Number Answered

Percent of People with Each Score

Your Score History

You have not taken this quiz since the last reset